Loading...
| Beliefs | 0 | 2 | 0 | 0 | 20 | 95 | 107.50 | 1 | 2 |
| Social Science | 1 | 0 | 0 | 0 | 15 | 33 | 33.00 | 1 | 1 |
| Other Science: Computer Science | 0 | 1 | 0 | 0 | 10 | 110 | 110.00 | 0 | 1 |
| Fine Arts - Visual Fine Arts | 0 | 1 | 0 | 1 | 10 | 143 | 143.00 | 1 | 1 |
| History - American History | 0 | 1 | 0 | 1 | 10 | 125 | 125.00 | 0 | 1 |
| Science - Chemistry | 0 | 1 | 1 | 0 | 5 | 99 | 99.00 | 0 | 1 |
| Science - Physics | 0 | 1 | 1 | 0 | 5 | 91 | 91.00 | 0 | 1 |
| Literature - British Literature | 0 | 1 | 2 | 0 | 0 | 114 | 114.00 | 0 | 1 |
| Fine Arts - Auditory Fine Arts | 0 | 0 | 0 | 0 | 0 | 0.00 | 0 | 0 | |
| World and Other Literature | 0 | 0 | 1 | 0 | -5 | 0.00 | 0 | 0 | |
| History - European History | 0 | 0 | 1 | 0 | -5 | 0.00 | 0 | 0 | |
| History - World History | 0 | 0 | 1 | 0 | -5 | 0.00 | 0 | 0 | |
| Science - Biology | 0 | 0 | 1 | 0 | -5 | 0.00 | 0 | 0 | |
| Ancient History and Archaeology | 0 | 0 | 1 | 0 | -5 | 0.00 | 0 | 0 | |
| Geography | 0 | 0 | 2 | 0 | -10 | 0.00 | 0 | 0 |